The Science of Horticulture - Vol.1 (Record no. 14299)
[ view plain ]
| 000 -LEADER | |
|---|---|
| fixed length control field | 00296nam a22001217a 4500 |
| 020 ## - INTERNATIONAL STANDARD BOOK NUMBER | |
| ISBN | 9789380235479 |
| 082 ## - DEWEY DECIMAL CLASSIFICATION NUMBER | |
| Classification number | 635 |
| Item number | PET/TH |
| 245 ## - TITLE STATEMENT | |
| Title | The Science of Horticulture - Vol.1 |
| 260 ## - PUBLICATION, DISTRIBUTION, ETC. (IMPRINT) | |
| Place of publication | New Delhi |
| Name of publisher | New India Publishing Agency |
| Year of publication | 2011 |
| 300 ## - PHYSICAL DESCRIPTION | |
| Number of Pages | 406 |
| 700 ## - ADDED ENTRY--PERSONAL NAME | |
| Personal name | Peter,K.V |
| 942 ## - ADDED ENTRY ELEMENTS (KOHA) | |
| Koha item type | Books |
| Withdrawn status | Lost status | Damaged status | Collection code | Home library | Current library | Shelving location | Date acquired | Source of acquisition | Cost, normal purchase price | Full call number | Accession Number | Koha item type |
|---|---|---|---|---|---|---|---|---|---|---|---|---|
| KAUAET | KAUAET | General Stacks | 14/06/2016 | Universal Research Books, Thrissur | 1800.00 | 635 PET/TH | 24317 | Books |
